[Event "Ruhrgebiet Verbandsbezirksliga Gr 1"]
[Site "Ruhrgebiet"]
[Date "2019.03.03"]
[Round "7.2"]
[White "Mustafic, Mustafa"]
[Black "Titschert, Julian"]
[Result "1-0"]
[WhiteElo "1747"]
[BlackElo "1860"]
[PlyCount "96"]
[EventDate "2018.09.30"]
[EventType "team-tourn"]
[EventRounds "9"]
[EventCountry "GER"]
[SourceTitle "EXT 2022"]
[Source "ChessBase"]
[SourceDate "2021.10.06"]
[SourceVersion "1"]
[SourceVersionDate "2021.10.06"]
[SourceQuality "1"]
[WhiteTeam "Hamm SV II"]
[BlackTeam "Luenen Horstmar SC"]
[WhiteTeamCountry "GER"]
[BlackTeamCountry "GER"]

1. c4 Nf6 2. Nc3 g6 3. g3 Bg7 4. Bg2 d6 5. d4 Nbd7 6. e4 c5 7. Nge2 cxd4 8. Nxd4 0-0 9. 0-0 a6 10. b3 Nc5 11. h3 Rb8 12. Be3 Bd7 13. Rc1 b5 14. cxb5 axb5 15. b4 Ne6 16. Nce2 Nxd4 17. Nxd4 Rc8 18. Qd2 Ne8 19. Rfe1 e5 20. Ne2 Be6 21. Nc3 Qd7 22. Kh2 Nc7 23. Bf1 Rb8 24. Rc2 Rb7 25. Rd1 Rd8 26. Bg5 f6 27. Be3 Bf8 28. Bg2 Ra8 29. Bf1 Rd8 30. g4 Be7 31. f4 Qe8 32. f5 Bf7 33. h4 d5 34. exd5 Nxd5 35. Nxd5 Rxd5 36. Qe1 Rxd1 37. Qxd1 Bxb4 38. Qc1 Rb8 39. g5 Be7 40. gxf6 Bxf6 41. fxg6 Bxg6 42. Rc7 e4 43. Bf4 Qe6 44. Rc6 Qxa2+ 45. Rc2 Qa8 46. Bxb8 Qxb8+ 47. Kh1 Bf5 48. Rf2 Qg3 1-0

[Event "Ruhrgebiet Verbandsklasse Gruppe 3 1718"]
[Site "Germany"]
[Date "2017.12.03"]
[Round "4.3"]
[White "Titschert, Julian"]
[Black "Mikulski, Georg"]
[Result "1/2-1/2"]
[WhiteElo "1812"]
[BlackElo "1908"]
[PlyCount "39"]
[EventDate "2017.09.17"]
[EventType "team-tourn"]
[EventRounds "9"]
[EventCountry "GER"]
[SourceTitle "EXT 2022"]
[Source "ChessBase"]
[SourceDate "2021.10.06"]
[SourceVersion "1"]
[SourceVersionDate "2021.10.06"]
[SourceQuality "1"]
[WhiteTeam "Luenen Horstmar SC"]
[BlackTeam "Wanne-Eickel SV Unser Fritz"]
[WhiteTeamCountry "GER"]
[BlackTeamCountry "GER"]

1. d4 Nf6 2. c4 g6 3. Nc3 d5 4. cxd5 Nxd5 5. e4 Nxc3 6. bxc3 Bg7 7. Bc4 0-0 8. Ne2 c5 9. h4 cxd4 10. cxd4 h5 11. a4 Nc6 12. Be3 Qa5+ 13. Kf1 Rd8 14. Qb3 e6 15. Rd1 Qc7 16. Qa2 Na5 17. Bd3 Nc6 18. Bc4 Na5 19. Bd3 Nc6 20. Bc4 1/2-1/2

[Event "Ruhrgebiet Bezirksliga 15/16"]
[Site "Ruhrgebiet"]
[Date "2016.04.03"]
[Round "9.1"]
[White "Lampe, Thomas"]
[Black "Titschert, Julian"]
[Result "1-0"]
[WhiteElo "1973"]
[BlackElo "1835"]
[PlyCount "73"]
[EventDate "2015.08.30"]
[EventType "team-tourn"]
[EventRounds "9"]
[EventCountry "GER"]
[SourceTitle "EXT 2022"]
[Source "ChessBase"]
[SourceDate "2021.10.06"]
[SourceVersion "1"]
[SourceVersionDate "2021.10.06"]
[SourceQuality "1"]
[WhiteTeam "Werl SC 1981"]
[BlackTeam "Luenen Horstmar SC"]
[WhiteTeamCountry "GER"]
[BlackTeamCountry "GER"]

1. e4 e5 2. f4 exf4 3. Nf3 d5 4. exd5 Nf6 5. c4 c6 6. d4 cxd5 7. Bxf4 Bb4+ 8. Bd2 Bxd2+ 9. Nbxd2 dxc4 10. Bxc4 0-0 11. 0-0 Nc6 12. Nb3 Nd5 13. Qd2 Bg4 14. Rae1 Rc8 15. Ng5 Bh5 16. Rf5 Nce7 17. Rfe5 Bg6 18. Nc5 Nb6 19. Bb3 Nc6 20. Nge6 Qh4 21. Nxf8 Nxe5 22. dxe5 Rxc5 23. Nxg6 hxg6 24. e6 fxe6 25. Rxe6 Kh7 26. Bc2 Rg5 27. g3 Qh6 28. Qd8 Nd5 29. Bb3 Rxg3+ 30. hxg3 Qc1+ 31. Kf2 Qd2+ 32. Re2 Qd4+ 33. Ke1 Qg1+ 34. Kd2 Qd4+ 35. Kc1 Qg1+ 36. Bd1 Qc5+ 37. Kb1 1-0

[Event "NRW Verbandsklasse Group2 1314"]
[Site "Nordrheinwestfalen"]
[Date "2014.04.06"]
[Round "9"]
[White "Tiefenhoff, Christian"]
[Black "Titschert, Julian"]
[Result "1-0"]
[WhiteElo "1982"]
[BlackElo "1852"]
[PlyCount "153"]
[EventDate "2013.09.08"]
[EventType "team-tourn"]
[EventRounds "9"]
[EventCountry "GER"]
[SourceTitle "EXT 2020"]
[Source "ChessBase"]
[SourceDate "2019.10.17"]
[SourceVersion "1"]
[SourceVersionDate "2019.10.17"]
[SourceQuality "1"]
[WhiteTeam "Germania Kupferdreh"]
[BlackTeam "Luenen Horstmar SC"]
[WhiteTeamCountry "GER"]
[BlackTeamCountry "GER"]

1. d4 Nf6 2. Nf3 g6 3. Bg5 Ne4 4. Bh4 c5 5. e3 Qb6 6. Qc1 cxd4 7. exd4 h5 8. c3 Bh6 9. Qc2 d5 10. Bd3 Bf5 11. 0-0 g5 12. Nxg5 Bxg5 13. Bxg5 Qg6 14. Bf4 Rg8 15. f3 Ng3 16. Bxf5 Nxf5 17. Bxb8 Rxb8 18. Rf2 Rc8 19. Na3 a6 20. Re1 e6 21. Qa4+ Kd8 22. Nc2 h4 23. Qb4 Rc7 24. Qb6 Kd7 25. Qb3 h3 26. g4 Nh4 27. Ne3 f5 28. Qa4+ Kc8 29. Qc2 Qh5 30. Kh1 Qg5 31. Qe2 f4 32. Nc2 Rc6 33. Qe5 Qg6 34. Nb4 Rb6 35. Rd1 Ng2 36. Nd3 Rf8 37. Qe2 Qh6 38. Ne5 Ne3 39. Rc1 Qh7 40. c4 dxc4 41. Qe1 Kb8 42. Nxc4 Nxc4 43. Rxc4 Qd3 44. b3 Rd6 45. Qe2 Rxd4 46. Qxd3 Rxd3 47. Rc1 Rc8 48. Re1 Rcc3 49. Kg1 Re3 50. Ree2 Rxf3 51. Rxe6 Rc2 52. Rfe2 Rfc3 53. Kf2 f3 54. Rxc2 Rxc2+ 55. Kxf3 Rxh2 56. Kg3 Rxa2 57. Kxh3 Rb2 58. Re3 Rb1 59. g5 Rg1 60. Rg3 Rh1+ 61. Kg4 Rh8 62. g6 Kc7 63. g7 Rg8 64. Kf5 Kd6 65. Kf6 Kc5 66. Kf7 Rxg7+ 67. Kxg7 b5 68. Kf6 Kb4 69. Ke5 a5 70. Kd4 a4 71. bxa4 bxa4 72. Rg8 Kb3 73. Kd3 a3 74. Rb8+ Ka2 75. Kc2 Ka1 76. Ra8 Ka2 77. Ra7 1-0